Catálogo de la colección Spinoza (1785-1921) de la Real Academia de Jurisprudencia y de otras bibliotecas de Madrid / (Record no. 172812)

MARC details
000 -LEADER
campo de control de longitud fija 00793nam a22002055i 4500
001 - NÚMERO DE CONTROL
campo de control 172812
003 - IDENTIFICADOR DE NÚMERO DE CONTROL
campo de control ES-MaACL
005 - FECHA Y HORA DE LA ÚLTIMA TRANSACCIÓN
campo de control 20230906215036.0
008 - DATOS DE LONGITUD FIJA--INFORMACIÓN GENERAL
campo de control de longitud fija 090910s1998 sp |||| | spa d
080 ## - NÚMERO DE LA CLASIFICACIÓN DECIMAL UNIVERSAL
Número de la Clasificación Decimal Universal 012 Spinoza, Baruch
100 1# - ENTRADA PRINCIPAL--NOMBRE DE PERSONA
Nombre de persona Domínguez, Atilano.
9 (RLIN) 45153
245 10 - MENCIÓN DEL TÍTULO
Título Catálogo de la colección Spinoza (1785-1921) de la Real Academia de Jurisprudencia y de otras bibliotecas de Madrid /
Mención de responsabilidad, etc. Atilano Domínguez.
260 ## - PUBLICACIÓN, DISTRIBUCIÓN, ETC.
Lugar de publicación, distribución, etc. Ciudad Real :
Nombre del editor, distribuidor, etc. Seminario Spinoza, Departamento de Filosofía,
Fecha de publicación, distribución, etc. 1998.
300 ## - DESCRIPCIÓN FÍSICA
Extensión 20 p. ;
Dimensiones 22 cm.
490 1# - MENCIÓN DE SERIE
Mención de serie Cuadernos del Seminario Spinoza ;
Designación de volumen o secuencia 10
600 14 - PUNTO DE ACCESO ADICIONAL DE MATERIA--NOMBRE DE PERSONA
Nombre de persona Spinoza, Benedictus de-
Subdivisión general Bibliografías.
9 (RLIN) 141246
830 0# - PUNTO DE ACCESO ADICIONAL DE SERIE-TÍTULO UNIFORME
Título uniforme Cuadernos del Seminario Spinoza ;
Designación de volumen o secuencia 10
9 (RLIN) 189168
852 ## - LOCALIZACIÓN
Ubicación ES-MaACL
Número de control de estantería 2300-F-24
itemnumber R.145217
Holdings
Estatus retirado Estado de pérdida Estado de daño No para préstamo Colección Biblioteca de origen Biblioteca actual Ubicación en estantería Fecha de adquisición Fuente de adquisición Total de préstamos Signatura topográfica completa Código de barras Visto por última vez Precio de reemplazo Tipo de ítem Koha
        Colección de folletos Biblioteca del Ateneo de Madrid Biblioteca del Ateneo de Madrid Depósito folletos 10/09/2009     2300-F-24 1181340 23/02/2023 23/02/2023 Folleto